Biodegradačný potenciál denitrifikačných baktérií

Saved in:
Bibliographic Details
Main Author: Záhorcová, Vlasta (Author)
Other Authors: Krištofíková, Ľudmila (Thesis advisor)
Format: Manuscript Book
Language:Slovak
Published: 2016
Subjects:
Online Access:http://is.stuba.sk/zp/portal_zp.pl?podrobnosti=120813
Tags: Add Tag
No Tags, Be the first to tag this record!

MARC

LEADER 00000ntm a22000003a 4500
001 stuzp58572
003 SK-STU
005 20160719155615.4
007 ta
008 150427s2015----xo-----f-mn---000-0-slo-d
040 |a STU  |b slo 
041 0 |a slo 
100 1 |a Záhorcová, Vlasta  |u 044000  |4 aut  |U FCHPT Fakulta chemickej a potravinárskej technológie  |T FCHPT Ústav biotechnológie  |X 44217  |U C4000  |Y 102  |7 44217 
242 0 1 |a Biodegradation Potential of Denitrifying Bacteria  |y eng 
245 1 0 |a Biodegradačný potenciál denitrifikačných baktérií 
260 |c 2016 
650 4 |a denitrifikácia  |2 slo 
650 4 |a biodegradácia  |2 slo 
650 4 |a čistiareň odpadových vôd  |2 slo 
650 4 |a Paracoccus pantotrophus  |2 slo 
650 4 |a melamín  |2 slo 
650 4 |a denitrification  |2 eng 
650 4 |a melamine  |2 eng 
650 4 |a biodegradation  |2 eng 
650 4 |a wastewater treatment  |2 eng 
650 4 |a Paracoccus pantotrophus  |2 eng 
700 1 |a Krištofíková, Ľudmila  |u 044000  |k Z2  |4 ths  |U FCHPT Fakulta chemickej a potravinárskej technológie  |T FCHPT Ústav biotechnológie  |X 3346  |U C4000  |Y 102  |7 A000003346 
856 4 |u http://is.stuba.sk/zp/portal_zp.pl?podrobnosti=120813 
SQL |a stuzp58572  |b DDP  |c SLO  |d Biodegradačný potenciál denitrifikačných baktérií  |e 44217  |f Záhorcová, Vlasta  |g 044000  |h 3346  |i Krištofíková, Ľudmila  |j 20160606  |k 560  |l 04  |m http://is.stuba.sk/zp/portal_zp.pl?podrobnosti=120813  |n I-BIOTE  |o 5.2.25. biotechnológie